Mathematical methods in chemical engineering (Record no. 25039)

000 -LEADER
fixed length control field 00548nam a22002051 4500
001 - CONTROL NUMBER
control field 25039
003 - CONTROL NUMBER IDENTIFIER
control field BD-DhUET
008 - FIXED-LENGTH DATA ELEMENTS--GENERAL INFORMATION
fixed length control field 730313s1963 xx 000 0 eng
040 ## - CATALOGING SOURCE
Original cataloging agency DLC
Transcribing agency OClU
Modifying agency BD-DhUET
082 ## - DEWEY DECIMAL CLASSIFICATION NUMBER
Classification number 660.28
Item number JEN/1963
100 ## - MAIN ENTRY--PERSONAL NAME
Personal name Jenson, V. G.
245 10 - TITLE STATEMENT
Title Mathematical methods in chemical engineering
250 ## - EDITION STATEMENT
Edition statement 1st ed.
260 ## - PUBLICATION, DISTRIBUTION, ETC. (IMPRINT)
Place of publication, distribution, etc. London
Name of publisher, distributor, etc. Academic Press
Date of publication, distribution, etc. 1963
300 ## - PHYSICAL DESCRIPTION
Extent xi, 556 p.
Other physical details illus.
Dimensions 24cm.
504 ## - BIBLIOGRAPHY, ETC. NOTE
Bibliography, etc Includes bibliographies
650 #0 - SUBJECT ADDED ENTRY--TOPICAL TERM
Topical term or geographic name as entry element Chemical engineering
700 ## - ADDED ENTRY--PERSONAL NAME
Personal name Jeffreys, G. V.
942 ## - ADDED ENTRY ELEMENTS (KOHA)
Koha item type General Book
Holdings
Damaged status Piece designation (barcode) Copy number Koha date last seen Shelving location Koha full call number Price effective from Source of classification or shelving scheme Koha item type Withdrawn status Koha normalized classification for sorting Lost status Not for loan Date acquired Sublocation or collection (holding branch) Location (home branch)
 2243812015-05-12Circulation section660.28/JEN/19632015-05-12 General Book 660_280000000000000_JEN_1963  2015-05-12Central Library, BUETCentral Library, BUET
 2244022015-05-12Circulation section660.28/JEN/19632015-05-12 General Book 660_280000000000000_JEN_1963  2015-05-12Central Library, BUETCentral Library, BUET
 2243432015-05-12Circulation section660.28/JEN/19632015-05-12 General Book 660_280000000000000_JEN_1963  2015-05-12Central Library, BUETCentral Library, BUET
 2243242015-05-18Circulation section660.28/JEN/19632015-05-18 General Book 660_280000000000000_JEN_1963  2015-05-18Central Library, BUETCentral Library, BUET
 2243552015-05-18Circulation section660.28/JEN/19632015-05-18 General Book 660_280000000000000_JEN_1963  2015-05-18Central Library, BUETCentral Library, BUET
 2945062015-05-18Circulation section660.28/JEN/19632015-05-18 General Book 660_280000000000000_JEN_1963  2015-05-18Central Library, BUETCentral Library, BUET
 2944972015-05-18Circulation section660.28/JEN/19632015-05-18 General Book 660_280000000000000_JEN_1963  2015-05-18Central Library, BUETCentral Library, BUET
 2944882015-05-18Circulation section660.28/JEN/19632015-05-18 General Book 660_280000000000000_JEN_1963  2015-05-18Central Library, BUETCentral Library, BUET
 2945792015-05-18Circulation section660.28/JEN/19632015-05-18 General Book 660_280000000000000_JEN_1963  2015-05-18Central Library, BUETCentral Library, BUET
 29454102015-05-18Circulation section660.28/JEN/19632015-05-18 General Book 660_280000000000000_JEN_1963  2015-05-18Central Library, BUETCentral Library, BUET
 29453112015-05-18Circulation section660.28/JEN/19632015-05-18 General Book 660_280000000000000_JEN_1963  2015-05-18Central Library, BUETCentral Library, BUET
 29451122015-05-18Circulation section660.28/JEN/19632015-05-18 General Book 660_280000000000000_JEN_1963  2015-05-18Central Library, BUETCentral Library, BUET
 22431132015-05-18Circulation section660.28/JEN/19632015-05-18 General Book 660_280000000000000_JEN_1963  2015-05-18Central Library, BUETCentral Library, BUET
 29452142015-05-18Circulation section660.28/JEN/19632015-05-18 General Book 660_280000000000000_JEN_1963  2015-05-18Central Library, BUETCentral Library, BUET
 22436152015-05-18Circulation section660.28/JEN/19632015-05-18 General Book 660_280000000000000_JEN_1963  2015-05-18Central Library, BUETCentral Library, BUET
 29456162015-06-17Reading section660.28/JEN/19632015-06-17 Reading Item 660_280000000000000_JEN_1963  2015-06-17Central Library, BUETCentral Library, BUET
 29455.172015-06-18Reading section660.28/JEN/19632015-06-18 Reading Item 660_280000000000000_JEN_1963  2015-06-18Central Library, BUETCentral Library, BUET
 22439182015-07-10Reading section660.28/JEN/19632015-07-10 Reading Item 660_280000000000000_JEN_1963  2015-07-10Central Library, BUETCentral Library, BUET